Normal view MARC view

Entry Personal Name

Number of records used in: 1

001 - CONTROL NUMBER

  • control field: 21827

003 - CONTROL NUMBER IDENTIFIER

  • control field: OSt

005 - DATE AND TIME OF LATEST TRANSACTION

  • control field: 20220224143611.0

008 - FIXED-LENGTH DATA ELEMENTS

  • fixed length control field: 220224|| aca||aabn | a|a d

040 ## - CATALOGING SOURCE

  • Original cataloging agency: OSt
  • Transcribing agency: OSt

100 ## - HEADING--PERSONAL NAME

  • Personal name: V Singh and others

670 ## - SOURCE DATA FOUND

  • Source citation: Work cat.: (OSt)221593: V Singh and others, Text Book of Botany: Diversity and Systematics of Seed Plants:, 2015